| 000 -LEADER |
| fixed length control field |
00654nam a22001937a 4500 |
| 005 - DATE AND TIME OF LATEST TRANSACTION |
| control field |
20240916172438.0 |
| 008 - FIXED-LENGTH DATA ELEMENTS--GENERAL INFORMATION |
| fixed length control field |
240916s2003 enk||||| |||| 00| 0 eng d |
| 020 ## - INTERNATIONAL STANDARD BOOK NUMBER |
| International Standard Book Number |
9780471216872x |
| 041 ## - LANGUAGE CODE |
| Language code of text/sound track or separate title |
eng |
| 080 ## - UNIVERSAL DECIMAL CLASSIFICATION NUMBER |
| Universal Decimal Classification number |
368 V-32 |
| 100 ## - MAIN ENTRY--PERSONAL NAME |
| Personal name |
Vaughan, Emmett J. |
| 9 (RLIN) |
23235 |
| 245 ## - TITLE STATEMENT |
| Title |
Fundamentals of Risk and Insurance / |
| Statement of responsibility, etc. |
Emmett J. Vaughan, Therese M. Vaughan. |
| 250 ## - EDITION STATEMENT |
| Edition statement |
9th Edition |
| 264 ## - PRODUCTION, PUBLICATION, DISTRIBUTION, MANUFACTURE, AND COPYRIGHT NOTICE |
| Place of production, publication, distribution, manufacture |
Hoboken, |
| Name of producer, publisher, distributor, manufacturer |
John Wiley, |
| Date of production, publication, distribution, manufacture, or copyright notice |
2003. |
| 300 ## - PHYSICAL DESCRIPTION |
| Extent |
686 p.; |
| Other physical details |
ill.; |
| Dimensions |
26 cm. |
| 653 ## - INDEX TERM--UNCONTROLLED |
| keyword |
რისკისა და დაზღვევის საფუძვლები |
| 700 ## - ADDED ENTRY--PERSONAL NAME |
| Personal name |
Vaughan, Therese M. |
| Relator term |
ავტორი |
| 9 (RLIN) |
23236 |
| 942 ## - ADDED ENTRY ELEMENTS (KOHA) |
| Source of classification or shelving scheme |
|
| Koha item type |
წიგნი |